| 000 | 01349cam a2200325 a 4500 | ||
|---|---|---|---|
| 001 | 2105445 | ||
| 003 | ARRUPE | ||
| 005 | 20150120143232.0 | ||
| 008 | 960220s1997 nyua b 001 0 eng | ||
| 010 | _a 96010379 | ||
| 020 | _a0195102657 (alk. paper) | ||
| 040 |
_aDLC _cDLC _dDLC |
||
| 050 | 0 | 0 |
_aBF311 _b.B227 1997 |
| 082 | 0 | 0 |
_a153 _220 |
| 100 | 1 |
_aBaars, Bernard J. _914394 |
|
| 245 | 1 | 0 |
_aIn the theater of consciousness : _bthe workspace of the mind / _cBernard J. Baars. |
| 260 |
_aNew York : _bOxford University Press, _c1997. |
||
| 300 |
_axi, 193 p. : _bill. (some col.) ; _c24 cm. |
||
| 504 | _aIncludes bibliographical references (p. [183]-187) and index. | ||
| 650 | 0 |
_aConsciousness. _914395 |
|
| 650 | 0 |
_aIntellect. _914396 |
|
| 650 | 0 |
_aHuman information processing. _914397 |
|
| 650 | 0 |
_aCognition. _92049 |
|
| 856 | 4 | 2 |
_3Publisher description _uhttp://www.loc.gov/catdir/enhancements/fy0605/96010379-d.html |
| 856 | 4 | 1 |
_3Table of contents only _uhttp://www.loc.gov/catdir/enhancements/fy0605/96010379-t.html |
| 856 | 4 | 2 |
_3Contributor biographical information _uhttp://www.loc.gov/catdir/enhancements/fy0726/96010379-b.html |
| 906 |
_a7 _bcbc _corignew _d1 _eocip _f19 _gy-gencatlg |
||
| 942 |
_2lcc _cMONOGRAPH |
||
| 999 |
_c121816 _d121816 |
||